<?xml version="1.0" encoding="UTF-8"?>
<collection xmlns="http://www.loc.gov/MARC21/slim">
<record>
  <controlfield tag="001">5158</controlfield>
  <controlfield tag="005">20210121210423.0</controlfield>
  <datafield tag="037" ind1=" " ind2=" ">
    <subfield code="a">SCART-2021-0028</subfield>
  </datafield>
  <datafield tag="100" ind1=" " ind2=" ">
    <subfield code="a">Kobzar, O.</subfield>
  </datafield>
  <datafield tag="245" ind1=" " ind2=" ">
    <subfield code="a">Study of Slowly Rotating CP Stars Observed with TESS</subfield>
  </datafield>
  <datafield tag="260" ind1=" " ind2=" ">
    <subfield code="c">2020</subfield>
  </datafield>
  <datafield tag="500" ind1=" " ind2=" ">
    <subfield code="a">arXiv 2003.05337</subfield>
  </datafield>
  <datafield tag="520" ind1=" " ind2=" ">
    <subfield code="a">Since the end of 2018, the Transiting Exoplanet Survey Satellite (TESS)         provides high-quality space data on stellar photometry to the         astronomical community. We present the results of an analysis of         TESS photometric data for known slowly rotating, magnetic,         chemically peculiar (mCP) stars. In general, mCP stars show an         inhomogeneous distribution of elements in their stellar         atmospheres that leads to spectroscopic (line profile) and         photometric (light curve) variations over the rotation period.         In the frame of the oblique magnetic rotator (OMR) model,         patches of enhanced chemical abundance on the stellar surface         reveal the frequency of stellar rotation. Using this approach,         we have compiled a list of slowly rotating mCP stars with         rotation periods longer than two days from the analysis of the         photometric data provided by TESS for the first eight sectors of         observations. Slowly rotating mCP stars usually possess a         hydrodynamically stable stellar atmosphere where a magnetic         field can amplify the process of atomic diffusion and this leads         to the horizontal and vertical stratification of chemical         abundances.</subfield>
  </datafield>
  <datafield tag="594" ind1=" " ind2=" ">
    <subfield code="a">NO</subfield>
  </datafield>
  <datafield tag="653" ind1="1" ind2=" ">
    <subfield code="a">Astrophysics</subfield>
  </datafield>
  <datafield tag="653" ind1="1" ind2=" ">
    <subfield code="a">Solar and Stellar Astrophysics</subfield>
  </datafield>
  <datafield tag="700" ind1=" " ind2=" ">
    <subfield code="a">Khalack, V.</subfield>
  </datafield>
  <datafield tag="700" ind1=" " ind2=" ">
    <subfield code="a">Bohlender, D.</subfield>
  </datafield>
  <datafield tag="700" ind1=" " ind2=" ">
    <subfield code="a">David-Uraz, A.</subfield>
  </datafield>
  <datafield tag="700" ind1=" " ind2=" ">
    <subfield code="a">Kashko, P.</subfield>
  </datafield>
  <datafield tag="700" ind1=" " ind2=" ">
    <subfield code="a">Bowman, D.~M.</subfield>
  </datafield>
  <datafield tag="700" ind1=" " ind2=" ">
    <subfield code="a">Lovekin, C.</subfield>
  </datafield>
  <datafield tag="700" ind1=" " ind2=" ">
    <subfield code="a">Tvardovskyi, D.</subfield>
  </datafield>
  <datafield tag="700" ind1=" " ind2=" ">
    <subfield code="a">Perron-Cormier, M.</subfield>
  </datafield>
  <datafield tag="700" ind1=" " ind2=" ">
    <subfield code="a">Paunzen, E.</subfield>
  </datafield>
  <datafield tag="700" ind1=" " ind2=" ">
    <subfield code="a">Sikora, J.</subfield>
  </datafield>
  <datafield tag="700" ind1=" " ind2=" ">
    <subfield code="a">Lampens, P.</subfield>
  </datafield>
  <datafield tag="700" ind1=" " ind2=" ">
    <subfield code="a">Richard, O.</subfield>
  </datafield>
  <datafield tag="773" ind1=" " ind2=" ">
    <subfield code="p">Proceedings of the Workshop on Stellar Magnetism: A Workshop in Honour of the Career and Contributions of John D. Landstreet</subfield>
    <subfield code="v">11</subfield>
    <subfield code="y">2020</subfield>
    <subfield code="n">nov</subfield>
    <subfield code="c">214-218</subfield>
  </datafield>
  <datafield tag="856" ind1="0" ind2=" ">
    <subfield code="f">patricia.lampens@observatoire.be</subfield>
  </datafield>
  <datafield tag="856" ind1="4" ind2="2">
    <subfield code="a">https://ui.adsabs.harvard.edu/abs/2020pase.conf..214K</subfield>
  </datafield>
  <datafield tag="905" ind1=" " ind2=" ">
    <subfield code="a">published in</subfield>
  </datafield>
  <datafield tag="980" ind1=" " ind2=" ">
    <subfield code="a">NONREF</subfield>
  </datafield>
</record>
</collection>